| 000 | 01619nam a2200241Ia 4500 | ||
|---|---|---|---|
| 003 | Ost | ||
| 005 | 20260507075141.0 | ||
| 008 | 260507s9999||||xx |||||||||||||| ||und|| | ||
| 020 | _a45379977 | ||
| 040 | _cfsecg | ||
| 041 | _aara | ||
| 082 | _a330 | ||
| 100 |
_aالطوابى، محمد حلمى _eمؤلف |
||
| 245 | 0 |
_aأثر السياسات المالية الشرعية في تحقيق التوازن المالى العام في الدولة الحديثة : _bدراسة مقارنة / _c محمد حلمى الطوابى |
|
| 260 |
_aالاسكندرية: _bدار الفكر الجامعي, _c2008 |
||
| 300 |
_a376 صفحة؛ _bإيضاحات ؛ _c24 سم |
||
| 504 | _aالمراجع ص.347 | ||
| 520 | _aمفهوم السياسة المالية في الفكر الوضعي والسياسة الشرعية- الضوابط الشرعية والقانونية لتحقيق التوازن المالي العام- مساهمة الصدقات في تحقيق التوازن المالي العام- التوازن المالي العام ومدى حرية تدخل الدولة في النشاط الإقتصادي- مدى تكامل السياسات المالية لتحقيق التوزان المالي- أثر السياسة المالية في تحقيق التوازن المالي العام- أثر السياسة الشرعية في تحويل التنمية بطريق الإصدار النقدي والإئتمان المصرفي | ||
| 653 | _aالإدارة المالية | ||
| 653 | _aالتوازن المالي | ||
| 653 | _aالسياسة المالية | ||
| 942 | _cكتاب | ||
| 999 |
_c43299 _d43299 |
||